Name a Marvel Film Character A-Z - Statistics

General Stats
  • This quiz has been taken 306 times
    135 since last reset
  • The average score is 17 of 26
Answer Stats
Letter Characters Other Characters % Correct
B Bucky Barnes | Beast | Black Widow | +33 Nakia Bahadir | Brian Banner | Rebecca Banner | Banshee | Laura Barton | Georges Batroc | Bedlam | Yelena Belova | Uncle Ben | Bishop | Eleanor Bishop | Kate Bishop | Black Bolt | Black Cat | Black Panther | Blackheart | Blackout | Blade | Blind Al | Blink | Blob | Elsa Bloodstone | Verussa Bloodstone | Bob, Agent of Hydra | Ralph Bohner | Mallory Book | Betsy Braddock | Isaiah Bradley | Betty Brant | Jackson Brice | Eddie Brock | Bullseye | Sonny Burch
95%
C Captain America | Peggy Carter | Cyclops | +27 Cable | Caliban | Lilia Calderu | Callisto | Cannonball | Carina | Vanessa Carlysle | Carnage | Julia Carpenter | Bruno Carrelli | Mitchell Carson | Sharon Carter | Casey | Black Tom Cassidy | America Chavez | Helen Cho | Clea | P. Cleary | Collector | Rusty Collins | Colossus | Anya Corazón | Corvus Glaive | Cosmo the Spacedog | Phil Coulson | Darren Cross | Cull Obsidian
91%
S Shang-Chi | Spider-Man | Storm | +51 Garthan Saal | Sabretooth | Angel Salvadore | Sandman | Herman Schultz | Selene | Erik Selvig | Sentinel | Sersi | Shatterstar | Sebastian Shaw | Alexei Shostakov | Shriek | Shuri | Sif | Silver Fox | Silver Samurai | Silver Surfer | Ezekiel Sims | Siryn | Jasper Sitwell | Skaar | Skurge | Trevor Slattery | Alistair Smythe | Soren | Elias Spector | Marc Spector | Randall Spector | Wendy Spector | Sprite | George Stacy | Gwen Stacy | Star-Lord | Howard Stark | Maria Stark | Morgan Stark | Stern | Samuel Sterns | Stick | Franklin Storm | Mendel Stromm | Wolfgang von Strucker | Jason Stryker | William Stryker | Hope Summers | Sunspot | Supreme Intelligence | Surtur | Beverly Switzler | Sylvie
91%
D Carol Danvers | Daredevil | Deadpool | +23 D'Bari | Dar-Benn | Darwin | Dave | Aaron Davis | Sharon Davis | Dazzler | Death Dealer | Lady Deathstrike | Rhomann Dey | Domino | Doctor Doom | Doctor Strange | Dormammu | Dox | Dracula | Drax | Dreykov | Antonia Dreykov | Dro'ge | Druig | Dum Dum Dugan | Jack Duquesne
90%
I Iceman | Iron Man | Invisible Woman | +2 Ikaris | Iron Monger
90%
T Thanos | Thing | Thor | +14 T'Chaka | Glenn Talbot | Talos | Taserface | Taweret | Ted | Thena | Flash Thompson | Toad | Topaz | Joaquin Torres | Toxin | Bolivar Trask | Typhoid Mary
88%
H Agatha Harkness | Hawkeye | Hulk +19 Justin Hammer | Maya Hansen | Kenuichio Harada | Roger Harrington | Arthur Harrow | Havok | Tyler Hayward | Heimdall | Hela | Hercules | High Evolutionary | Maria Hill | Tyesha Hillman | Hiroim | Happy Hogan | Hogun | Lemar Hoskins | Howard the Duck | | Human Torch
85%
W Riri Williams | Wolverine | Wong | +22 W'Kabi | John Walker | Ched Walters | Elaine Walters | Jennifer Walters | Morris Walters | Adam Warlock | Warpath | Watcher | Mary Jane Watson | Raza al-Wazar | Weasel | Xu Wenwu | Nicodemus West | Anne Weying | Abraham Whistler | Dane Whitman | Pete Wisdom | Wolfsbane | Jimmy Woo | Warren Worthington III | Alice Wu-Gulliver
83%
A Abomination | Ant-Man | Apocalypse | +13 Ajak | Ajax | Algrim | Ammit | Ancient One | Aneka | Angel Dust | Anole | Arishem | Attuma | Ayesha | Ayo | Azazel
80%
M Magneto | Wanda Maximoff | Mister Fantastic | +31 M'Baku | Mary MacPherran | Makkari | Malekith | Moira MacTaggert | Madame Web | Jamie Madrox | Magik | Mantis | Mar-Vell | Vanessa Marianna-Fisk | Martinex | Phineas Mason | Rick Mason | Alicia Masters | Billy Maximoff | Tommy Maximoff | Aunt May | Mephisto | Microchip | Miek | Nico Minoru | Mobius M. Mobius | Anton Mogart | Mole Man | Danielle Moonstar | Karl Mordo | Karli Morgenthau | Jack Murdock | Mysterio | Mystique
79%
G Gamora | Ghost Rider | Jean Grey | +11 G'iah | Galactus | Gambit | Mac Gargan | Gentleman | Ghost | Gilgamesh | Gorr the God Butcher | Grandmaster | Gravik | Groot
77%
V Valkyrie | Venom | Vision | +10 Hope Van Dyne | Janet van Dyne | Vanisher | Anton Vanko | Ivan Vanko | Rio Vidal | Viper | Volstagg | Melina Vostokoff | Vulture
72%
K Kang | Kamala Khan | Killmonger | +32 Kaecilius | Ashley Kafka | Kahhori | Elloe Kaifi | Jennifer Kale | Kamran | Kareem | Cletus Kasady | Katy | Kazi | Harley Keener | Robert Kelly | Kestrel | Aamir Khan | Aisha Khan | Muneeba Khan | Sana Khan | Yusuf Khan | Khonshu | Aldrich Killian | Hannibal King | Kingo | Kingpin | Kingpin (Matt Murdock) | Klaw | Cameron Klein | Korath | Korg | Kro | Heinz Kruger | Krylar | Kurt
70%
R James Rhodes | Rocket Raccoon | Rogue | +24 Irani Rael | Maria Rambeau | Monica Rambeau | Ramonda | Nikki Ramos | Kavita Rao | Razor Fist | Red Skull | Ravonna Renslayer | Cecilia Reyes | Rhino | Nathaniel Richards | Rictor | Riptide | William Ginter Riva | Robbie Robertson | Jack Rollins | Ronan the Accuser | Betty Ross | Everett K. Ross | Thunderbolt Ross | Brock Rumlow | Jack Russell | Russian
59%
L Lizard | Maya Lopez | Loki | +15 Cassie Lang | Maggie Lang | Laufey | Leech | Ned Leeds | Darcy Lewis | List | Liz | Thomas Logan | Henry Lopez | Taloa Lopez | William Lopez | Luis | Willie Lumpkin | Lylla
57%
O Doctor Octopus | Okoye | Norman Osborn | +7 Kraglin Obfonteri | Odin | Stakar Ogord | Omega Red | Harry Osborn | The Other | Ouroboros
56%
N Nebula | Nightcrawler | Cassandra Nova | +8 N'Jobu | Najma | Nakia | Namor | Namora | Negasonic Teenage Warhead | Foggy Nelson | Nova
50%
P Pepper Potts | Kitty Pryde | Punisher | +20 Karen Page | Christine Palmer | Jonathan Pangborn | Mr. Paradox | Mary Parker | Richard Parker | Jim Paxton | Phastos | Todd Phelps | Chester Phillips | Phyla | Alexander Pierce | Donald Pierce | Pip the Troll | Proxima Midnight | Psylocke | Augustus Pugliese | Purifiers | Hank Pym | Pyro
50%
X Professor X | Hunter X-05 | X-23 | Xu Xialing -
50%
Q Quicksilver | Meredith Quill -
50%
U Yondu Udonta | Ultron | Ben Urich -
50%
F Jane Foster | Emma Frost | Nick Fury | +12 F.R.I.D.A.Y. | Sonya Falsworth | Fandral | Layla El-Faouly | Fixer | John Flynn | Mickey Fondozzi | Valentina Allegra de Fontaine | Bill Foster | Mattie Franklin | Frigga | Deacon Frost
48%
E Ebony Maw | Ego | Elektra | +6 Eitri | Electro | Matthew Ellis | Eros | Abraham Erskine | Christine Everhart
42%
J J. Jonah Jameson | Michelle "MJ" Jones-Watson | Juggernaut | +5 John Jameson | Edwin Jarvis | Jentorra | Jigsaw | Jubilee
40%
Z Helmut Zemo | Zeus | Arnim Zola | Zuri -
28%
Y Mariko Yashida | Yon-Rogg | Yukio | +4 Shingen Yashida | Ying Li | Ying Nan | Ho Yinsen
7%
No matching quizzes found
Score Distribution
Percent of People with Each Score
Percentile by Number Answered
Your Score History
You have not taken this quiz since the last reset